000
00316nam a22001337a 4500
008
181029b xxu||||| |||| 00| 0 eng d
020
_a
291312131800349900000000
041
_a
eng
080
_a
004
100
_a
28
101
_a
SHK
245
_a
Beginning iPad Application Development
_c
Lee,W.M
942
_2
udc
_c
BK
999
_c
51025
_d
51025